Opravy a udržování základních prostředků v podmínkach s.p. Železárny a drátovny, Bohumín
Skúsenosti z evidencie opráv a udržiavania základných prostriedkov v praxi. Ekonomická zodpovednosť za opravy a udržiavanie základných prostriedkov. Charakteristika opráv a udržiavania základných prostriedkov. Ekonomika opráv a údržby. Kontrola správnosti faktúr.
Guardado en:
| Autor principal: | |
|---|---|
| Otros Autores: | |
| Formato: | Capítulo de libro |
| Lenguaje: | checo |
| Materias: | |
| Etiquetas: |
Sin Etiquetas, Sea el primero en etiquetar este registro!
|
MARC
| LEADER | 00000naa a2200000 4500 | ||
|---|---|---|---|
| 001 | r003175 | ||
| 005 | 20220819181014.0 | ||
| 041 | 0 | |a cze | |
| 044 | |a [CS] | ||
| 245 | 1 | 0 | |a Opravy a udržování základních prostředků v podmínkach s.p. Železárny a drátovny, Bohumín |c J. Blaha, A. Michalík |
| 520 | |a Skúsenosti z evidencie opráv a udržiavania základných prostriedkov v praxi. Ekonomická zodpovednosť za opravy a udržiavanie základných prostriedkov. Charakteristika opráv a udržiavania základných prostriedkov. Ekonomika opráv a údržby. Kontrola správnosti faktúr. | ||
| 610 | 2 | 0 | |a fakturovanie |
| 610 | 2 | 0 | |a opravy prostriedkov základných |
| 610 | 2 | 0 | |a údržba |
| 610 | 2 | 0 | |a evidencia analytická |
| 610 | 2 | 0 | |a zodpovednosť |
| 610 | 2 | 0 | |a kontrola |
| 100 | 1 | |a Blaha, J. | |
| 700 | 1 | |a Michalík, A. | |